000
00302nam a22001337a 4500
008
180302b xxu||||| |||| 00| 0 eng d
020
_a
013627241-X
041
_a
eng
080
_a
612.39
100
_a
10
101
_a
NUT
245
_a
Nutrition chemistry& biology
_c
Spallholz,J.E
942
_2
udc
_c
BK
999
_c
43914
_d
43914